| 000 | 00598nam a22002057a 4500 | ||
|---|---|---|---|
| 008 | 111121s2011 nju||||| |||| 001 0 eng d | ||
| 020 | _a0205716172 | ||
| 020 | _a9780205716173 | ||
| 082 |
_222 _a306 _bEMB |
||
| 100 |
_927829 _aEmber, Carol R |
||
| 245 |
_aCultural anthropology / _cCarol R. Ember, Melvin Ember. |
||
| 250 | _a13th ed. | ||
| 260 |
_aNew Jersey : _bPrentice-Hall, _c2011 |
||
| 300 |
_aix, 412 p. _bill. (some col.), ; _c29 cm. |
||
| 500 | _aIncludes index. | ||
| 650 |
_9767 _aAnthropology |
||
| 653 |
_bNUR _cNovember2011 |
||
| 700 |
_927830 _aEmber, Melvin |
||
| 942 |
_2ddc _cNRNB |
||
| 999 |
_c16243 _d16243 |
||